000 00407nam a2200157Ia 4500
008 190516s9999 xx 000 0 und d
100 _aJunio, Leilani
245 _aDOH scored for too much dependence on Philhealth/
245 _cLeilani Junio
260 _bManila Standard
260 _c2016
300 _aSeptember 13
440 _aManila Standard
650 _ahealth
650 _ahealth insurance
999 _c361876
_d361876